Statistics for Geoguessr Players Icons Part 1 (2023)

Click here to take the quiz!

General Stats

  • This quiz has been taken 191 times
    (14 since last reset)
  • The average score is 23 of 499

Answer Stats

Answer% Correct
rainbolt
93%
Blinky
86%
Debre
79%
ghe
79%
Jake Lyons
71%
Kodiak
64%
Wolftrekker
64%
zi8gzag
64%
DerZiggi
57%
Annannanna/ReAnn
50%
GeoPeter
50%
maccem
50%
matepotato
50%
Stique
50%
Tom Davies/GeoWizard
50%
consus
43%
trulybuzzy
43%
Bastel
36%
Chicago Geographer
36%
E
36%
Falling
36%
Geography Challenges
29%
Geooo
29%
ning
29%
topotic
29%
Trabota
29%
Alok
21%
Bad at Geo
21%
bo
21%
eamonn
21%
Gelotris
21%
GeoMouse
21%
Giovanni1798p/Giovanni
21%
John Harvey Kellogg/JHK
21%
KiribatiForLife
21%
Kratsooo
21%
しいな/Shī na
21%
V89/Castroller
21%
BarrBarrBinks
14%
boky
14%
DuckBavis
14%
Figsy
14%
Harrier
14%
Isti
14%
Kirania
14%
LunacyEcho
14%
Norbert
14%
ProjectBloom
14%
Radu C/R.C.
14%
Tylko Olympia
14%
wookGG
14%
Ziga
14%
AbandonedFerd
7%
Anana/Ananananananananananananananah
7%
antidote
7%
aussiegolfer
7%
Bird Pie
7%
Calamity
7%
ChumleyChum
7%
Cinnamonique
7%
cron
7%
crookst
7%
Daig_O
7%
daiiono
7%
ĐɄ§ҜƦØИ/Duskron
7%
Duskden2
7%
Eddie
7%
GeoDuck
7%
GeoDuck
7%
GeoguessRu
7%
GeoOsaka
7%
GeoPanda
7%
GeoTelloth
7%
Gorka
7%
Harmless
7%
havrd
7%
houmreu
7%
Icy3P
7%
kalesaladgeoguessr
7%
Knowledge
7%
Kurt
7%
laybay
7%
lemon
7%
Lenn the Man
7%
Llewkcor
7%
Luminous Kiwi
7%
macca
7%
Mezeskrisssz
7%
mipt_demetra
7%
MisterBlue
7%
moo
7%
NativeHammerhead
7%
Nick
7%
Orlando
7%
Partee
7%
Phineas
7%
pivver
7%
pospos
7%
rohan
7%
sadziu
7%
Samuel
7%
Samuel
7%
SavetheSnail
7%
Sean
7%
sean
7%
Sebastian
7%
Shawn Champagne
7%
shimmy
7%
Stephen
7%
Stiino
7%
szalek
7%
Tobetelogi
7%
tootama
7%
totem
7%
Trichter
7%
Vell
7%
WillyWoxy
7%
Xick/Nick
7%
Zsomsza
7%
aGreedyHobbit
0%
Ai Gen Brain
0%
Aksel_csgo
0%
Alfgrimur Acosta
0%
Ali Kerim
0%
amerain1729
0%
Anabella
0%
anox
0%
安然/An ran
0%
Ant3k
0%
【Anu】アヌパヌマヌ大王/anupanudaiou
0%
Armani
0%
arrastrategui
0%
arska
0%
ayataka
0%
bab.lo
0%
bacon
0%
bagabooiebailey
0%
bananoky
0%
banthony
0%
Basch
0%
Bassman
0%
Baummerr
0%
BCB9614
0%
Bengal
0%
BigHosk
0%
biquette
0%
Беларуская Чіка/Blastermane
0%
bog
0%
Boulgour
0%
brainy
0%
Brectify
0%
breezy
0%
brendan johnson 2000
0%
btvl27
0%
Bulgaria Enthusiast
0%
CallumJD
0%
Canadagraphs
0%
Captain Trips
0%
Cassa
0%
Cebastião
0%
cep
0%
champs
0%
char
0%
cheddarman
0%
chessmaid
0%
ChileanFollowDog
0%
Chinesemaster
0%
chup
0%
市民ジョン/civiljohn
0%
Cookie
0%
cookieofrg1
0%
creepyu
0%
Das Schnootz
0%
daws
0%
deBlinky
0%
Deimos
0%
でぃれ/De-ire
0%
Denis
0%
Deppkcong
0%
dev
0%
Dielan
0%
Dionysios
0%
DjSejgf511
0%
Doctor Detective
0%
Doggy woof
0%
druv
0%
Dub
0%
Dylan7580
0%
ebun
0%
Ecal
0%
eenrandommens
0%
efefury
0%
egghead
0%
Egorsmol
0%
elenaschi
0%
elfudge
0%
Elk
0%
emilyapocalypse
0%
ƎMOЯHƆ CHROME/Chrome/Gentle Spirit
0%
emshanoff
0%
EngineerDuck
0%
Erax
0%
eternal
0%
ez4_Tomas
0%
fabre
0%
far
0%
flickshot
0%
FlykiiGG
0%
Flyme
0%
fontes
0%
foxylolgam
0%
FrenchFryFan
0%
fuji
0%
GAB1maru
0%
GabrielGeoo
0%
gauch
0%
geoAndy
0%
geoangelo
0%
GeoClem
0%
GeoClement
0%
geocuh
0%
geoDaddy
0%
geogeogeorgia
0%
GeoGoose
0%
Geo Guys
0%
Geohaló
0%
GeoInsane
0%
geolearner
0%
GeoLinpel
0%
Geo Pasch
0%
geoprip
0%
Geoprizrak
0%
geotimo
0%
GeoTomox
0%
GeoTyler
0%
gg80
0%
gingey
0%
GiveMeSlovakiafor5K
0%
Give Me Your Drink
0%
gltch
0%
gokhale
0%
gomes
0%
goopta
0%
greguiiz
0%
Grzejnik
0%
guessther
0%
gusYY2
0%
guypeace
0%
guys please don't be toxic
0%
gwen
0%
habibz98/habibz
0%
Halikaru
0%
Happy Birthday
0%
Hawkeye
0%
hemmigsen
0%
henrique
0%
Hexalt
0%
HeyPando
0%
Hoki
0%
hompadonker
0%
Hopkins
0%
HSHI
0%
Hume
0%
hyacinthsj
0%
iamgrowl
0%
icepelican
0%
I love kyrgyzstan!
0%
Immortol
0%
I m p o s s i b l e
0%
Indojin
0%
ItzHakii
0%
ItzNexx/ItzNexxレソトの皇帝
0%
Ivann_NL
0%
ivo-
0%
Jakooooo
0%
じゃくしゃ/JaKuSha
0%
Jamabi
0%
Jan Seweryn
0%
Jason Barckicke
0%
Jasper Tips
0%
Jaspinko
0%
jayploo
0%
Jeif
0%
jerome
0%
J I G E N
0%
Jiibee
0%
jkwon
0%
JoeySpeeltGames
0%
Jogilochi
0%
Joseph
0%
Jumo
0%
Juxerr
0%
jwebb
0%
kaerdna
0%
Kai
0%
kaiser
0%
kamikaze
0%
Karciarz
0%
Karo
0%
kEEN kANUCK
0%
Kent
0%
kingi
0%
kirikcatcat
0%
kirilka
0%
Kkawa
0%
kowalski
0%
krissucksatgeography
0%
LAKAKA
0%
lambda
0%
Lamona32
0%
leafer
0%
LeBrigand
0%
Leero
0%
lefthook
0%
Legacyz
0%
lemson
0%
lemures
0%
Lengo
0%
LeRemiii
0%
L'Heureux Traité
0%
liqhxray
0%
Littlefox
0%
Lorenzofg
0%
lortostada
0%
Louie
0%
love
0%
Lukasbonn
0%
Lupus
0%
luva
0%
Lxii
0%
lylylu
0%
mag
0%
maggy
0%
magyaron
0%
malfunction
0%
mapenthusiast
0%
marc
0%
martin
0%
Mason Hackensmith
0%
Matas
0%
matilew
0%
Matukz12
0%
MAX
0%
maxthebuild
0%
melon the penguin
0%
meow
0%
mhud
0%
milan³³/milan^33
0%
miraclewhips
0%
mlgn7
0%
mobambachloride
0%
Moriarty
0%
mpk
0%
Mr. Bananaman
0%
MrSharkFIN
0%
mumrik
0%
MusicCubes3
0%
mustachiola
0%
nemui
0%
nestor
0%
niels
0%
Николай Войвода [БГ]/Nikolay Voivoda
0%
Nolan Kuszyk
0%
notarya
0%
nuujaka
0%
OceanMan
0%
Ofendani
0%
ojo
0%
olo
0%
omigupta
0%
oops
0%
Orpheus
0%
Pav
0%
pawz
0%
Pencil Vulture
0%
phil5ar
0%
Philldutra
0%
Phorcys
0%
Pickled Fairies
0%
Pierre
0%
PietroPalone
0%
pig
0%
PinaColada
0%
Pineapple Salad
0%
pingus
0%
pissman
0%
Poisoned
0%
Poli
0%
pontes
0%
pradana299
0%
prestigigator
0%
proc
0%
procrastination
0%
Profcatlaw666
0%
psychicDucks
0%
PureL-Secret
0%
Qtub_LTU
0%
Quarksauce
0%
R1czZ
0%
R a c u
0%
RadoX1988
0%
Ralius
0%
Raskolnikov
0%
Raytracer
0%
recordermann
0%
reheatz
0%
Reinier Geluk
0%
repler
0%
Reynardo
0%
rg1
0%
Ribeirete
0%
Ronaq
0%
Roscommon
0%
Rubonlechatonmasterguesser
0%
Saberdust
0%
sadu
0%
Salvado
0%
Samo T
0%
sargey
0%
Scrypero
0%
Sebster27803
0%
senalax
0%
sergiotor9
0%
Shark0s
0%
ShinraFN
0%
silvercacti
0%
[SIMBA] Jupaoqq
0%
simi
0%
simongoose
0%
slashP
0%
SlayT
0%
らいs/Leprosy
0%
smurf
0%
sneezel
0%
Snowf_lake
0%
solarsensei
0%
SOUTHBYE
0%
Souvlaki Zeitgeist
0%
sp4ghet
0%
Spiral
0%
spookings
0%
Steve Joxler
0%
still hate nmpz
0%
strammer max
0%
stranger_86952/k_sub
0%
stratfordwill
0%
subsymmetry
0%
sven
0%
sverre
0%
swangambit
0%
swarm
0%
swerb
0%
swimen
0%
SwordSlicer56
0%
syph
0%
syph
0%
TabBluu
0%
Tall Impala L-49
0%
ThatOneGuyNaKKaS/NaKKaS
0%
TheButtonMoulder
0%
The Donkey Nuts 42069 (washed)
0%
TheFungusAmongUs
0%
Thenderson
0%
TheStevoSpecial
0%
thiccplonks
0%
tinyturtle
0%
Tjay
0%
Tmind
0%
toro3317
0%
tozi
0%
Travish127
0%
TreezErikforWC
0%
UnoxSoep
0%
Vandelay
0%
vegetal
0%
𝗕𝗹𝗮𝗱𝗲./Vergozz
0%
victheturtle
0%
Viperz
0%
VishTheFish
0%
VishyVashy
0%
VladdyDaddy
0%
Vladka Ishanovich
0%
wafflyss
0%
Wakey
0%
WarBunny
0%
Watson
0%
wheresweltzer
0%
wilsonlulu
0%
wt
0%
xor123
0%
y4suo
0%
[Y4] [Y4] [Y4] [Y4] [Y4] [Y4]
0%
Yanek
0%
Yuki!
0%
yuyu
0%
z8 Quicky
0%
Z8 wühlmaus
0%
ZERO
0%
zone
0%

Score Distribution

Percentile by Number Answered

Percent of People with Each Score

Your Score History

You have not taken this quiz since the last reset